01294cam a22003974i 4500003000900000005001700009008004100026020001500067035002700082040003300109082002500142100003000167245005300197264010500250300003800355336002100393337002500414338002300439490004300462505023500505526001000740526001000750526000900760526000900769526000900778526000900787526000900796526000900805526000900814526000800823526000800831526000800839526000800847526000800855651003300863PE-LiUPU20250731165649.0150616s r 000 0 d a0810825066 a(Sirsi) i9780810825062 aPE-LiUPUbspacPE-LiUPUerda04a016.956944bP9722211 aPurvis, James D.,eautor.10aJerusalem, the Holy City /cpor James D. Purvis. 1aMetuchen, N.J. :bThe American Theological Library Association and The Scarecrow Press, Inc.,c1991. a525 páginas ;c22 centímetros atext2rdacontent aunmediated2rdamedia avolume2rdacarrier0 aATLA. Bibliography Series Nº 20 ;v20 aGeneral studies on Jerusalem.- Jerusalem during the biblical period, to 587 BC.- Jerusalem during the second temple period.- Roman Jerusalem.- Christian Jerusalem.- Jerusalem as a Muslim city.- Jerusalem in modern times.- Indexes. aSEG44 aSEG26 aP151 aP150 aP149 aP146 aP145 aP126 aP125 aP92 aP75 aP74 aP27 aP15 aJerusalénvBibliografía.